| 000 | 00807cam a2200217 4500 | ||
|---|---|---|---|
| 001 | WB3902-08 | ||
| 008 | 030116n2003 000 0 eng u | ||
| 035 | _a(Sirsi) u121029 | ||
| 245 | _aAnalysts foresee 'tricky' 2003 | ||
| 260 | _c2003 | ||
| 490 |
_aEstates Gazette _v0302) 11 January 2003, 37(1) |
||
| 520 | _aProperty analysts are predicting that stock prices will be 'tricky' in 2003 with the equity recovery putting investors off property. However the equity recovery would lead to an improvement in rental growth with the retail sector the most likely to perform badly. | ||
| 590 | _aWB | ||
| 650 | _aPROPERTY INVESTMENT | ||
| 650 | _aPROPERTY ANALYSTS | ||
| 650 | _aSTOCKS | ||
| 650 | _aSTOCK MARKETS | ||
| 650 | _aRETAIL SECTOR | ||
| 690 | _aPROPERTY-COMMERCIAL PROPERTY | ||
| 942 | _n0 | ||
| 999 |
_c71924 _d71924 |
||